|
|
|
|
| LEADER |
01604nam a2200325 u 4500 |
| 001 |
10038020 |
| 003 |
upatras |
| 005 |
20210117195744.0 |
| 008 |
001128s1999 sp eng |
| 020 |
|
|
|a 8425217881
|
| 040 |
|
|
|a GR-PaULI
|c GR-PaULI
|
| 041 |
0 |
|
|a eng
|a esp
|
| 082 |
0 |
4 |
|a 720.92
|
| 245 |
1 |
0 |
|a Stephen Hodder
|c a cargo de Xavier Guell
|
| 260 |
|
|
|a Barcelona
|b Editorial Gustavo Gili
|c 1999
|
| 300 |
|
|
|a 96 p.
|b phot.
|c 24 cm.
|
| 504 |
|
|
|a Includes bibliography
|
| 600 |
1 |
4 |
|a Hodder- Stephen
|9 25849
|
| 650 |
|
4 |
|a Αρχιτεκτονική
|y 20ός αιώνας
|9 6376
|
| 650 |
|
4 |
|a Αρχιτεκτονική
|z Μεγάλη Βρετανία
|9 7571
|
| 700 |
1 |
|
|a Guell, Xavier
|4 edt
|9 25850
|
| 852 |
|
|
|a GR-PaULI
|b ΠΑΤΡΑ
|b ΑΡΧΙΤΕΚΤΟΝΙΚΗ
|k ΑΣΧΞ-2
|h 720.92 HOD
|m 001440
|p 025000094475
|t 1
|
| 852 |
|
|
|a GR-PaULI
|b ΠΑΤΡΑ
|b ΑΡΧΙΤΕΚΤΟΝΙΚΗ
|k ΑΣΧΞ-2
|h 720.92 HOD
|m 005054
|p 025000147783
|t 2
|
| 852 |
|
|
|a GR-PaULI
|b ΠΑΤΡΑ
|b ΑΡΧΙΤΕΚΤΟΝΙΚΗ
|k ΑΣΧΞ-2
|h 720.92 HOD
|m 004497
|p 025000148327
|t 3
|
| 942 |
|
|
|2 ddc
|c BK15
|
| 952 |
|
|
|0 0
|1 0
|4 0
|6 720_920000000000000_HOD
|7 0
|9 24086
|a ARCH
|b ARCH
|d 2016-04-24
|i 001440
|l 1
|o 720.92 HOD
|p 025000094475
|r 2017-05-30 00:00:00
|s 2017-05-17
|t 1
|w 2016-04-24
|y BK15
|
| 952 |
|
|
|0 0
|1 0
|4 0
|6 720_920000000000000_HOD
|7 0
|9 24087
|a ARCH
|b ARCH
|d 2016-04-24
|i 005054
|l 0
|o 720.92 HOD
|p 025000147783
|r 2016-04-24 00:00:00
|t 2
|w 2016-04-24
|y BK15
|
| 952 |
|
|
|0 0
|1 0
|4 0
|6 720_920000000000000_HOD
|7 0
|9 24088
|a ARCH
|b ARCH
|d 2016-04-24
|i 004497
|l 0
|o 720.92 HOD
|p 025000148327
|r 2016-04-24 00:00:00
|t 3
|w 2016-04-24
|y BK15
|
| 998 |
|
|
|c MANIAKH
|d 2000-11
|
| 999 |
|
|
|c 15163
|d 15163
|